| 000 | 00596nam a2200193 i 4500 | ||
|---|---|---|---|
| 001 | 25292 | ||
| 003 | ES-MaACL | ||
| 005 | 20250910213325.0 | ||
| 007 | t| | ||
| 008 | 021223s1973 sp ||||1| spa d | ||
| 100 | 1 |
_aAranda, Gabriel. _922280 |
|
| 245 | 1 | 3 |
_aEl Estado acosado _b: el "affaire" político de Chaban-Delmas / _cGabriel Aranda ; [traducción de Jaume Fuster]. |
| 250 | _a[1ª ed.]. | ||
| 260 |
_a[Barcelona] : _bDopesa, _c[1973] |
||
| 300 |
_a222 p. ; _c20 cm. |
||
| 700 | 1 |
_aFuster, Jaume, _d1945-1998 _953081 |
|
| 852 |
_aES-MaACL _jC-53652 _bR.86861 |
||
| 999 |
_c25292 _d25292 |
||